| 000 | 00698nam a2200181 i 4500 | ||
|---|---|---|---|
| 001 | 187710 | ||
| 003 | ES-MaACL | ||
| 005 | 20230906223018.0 | ||
| 008 | 180129s1908 sp |||| | spa d | ||
| 245 | 0 | 0 | _aCatálogo de los objetos expuestos por el Cuerpo de Ingenieros de Montes. |
| 260 |
_aMadrid : _b[s.n.], _c1908 ( _fImpr. de Ricardo Rojas) |
||
| 300 |
_a49 p. ; _c25 cm. |
||
| 500 | _a"Regalo á los suscriptores de la Revista de Montes" | ||
| 594 | _aPrecede al tít.: Exposición Hispano-Francesa de Zaragoza, 1908. | ||
| 710 | 2 |
_aCuerpo Nacional de Ingenieros de Montes. _9143756 |
|
| 711 | 2 |
_aExposición Hispano-Francesa ( _d1908. _cZaragoza) _9142070 |
|
| 852 |
_aES-MaACL _jT-1163-F-7 |
||
| 999 |
_c187710 _d187710 |
||